Módulos de tipo finito sôbre um anel principal /
Guardado en:
| Autor Principal: | |
|---|---|
| Formato: | Libro |
| Idioma: | Portuguese |
| Publicado: |
Pôrto Alegre :
Editôra Meridional, "EMMA",
1961.
|
| Series: | Publicações do Instituto de Matemática da Universidade do Rio Grande do Sul
|
| Etiquetas: |
Agregar Etiqueta
Sin Etiquetas, Sea el primero en etiquetar este registro!
|
| LEADER | 00702nam a22001815a 4500 | ||
|---|---|---|---|
| 001 | MAT.inmabb000991 | ||
| 008 | 031119s1961####bl#######b####000#0#por#d | ||
| 005 | 20170808154219.0 | ||
| 245 | 1 | 0 | |a Módulos de tipo finito sôbre um anel principal / |c por Antônio Kumpera. |
| 260 | |a Pôrto Alegre : |b Editôra Meridional, "EMMA", |c 1961. | ||
| 300 | |a 2 v. ; |c 23 cm. | ||
| 490 | 0 | |a Publicações do Instituto de Matemática da Universidade do Rio Grande do Sul | |
| 504 | |a Incluye referencias bibliográficas. | ||
| 100 | 1 | |a Kumpera, Antônio. | |
| 084 | |a 16-XX |a 15-XX |a 20-XX |2 msc2000 | ||
| 010 | |a 75220785 | ||
| 859 | |h 16 |i K96 |p A-844 |v 1 |3 Vol. 1 |b BIB. MATEMATICA | ||
| 859 | |h 16 |i K96 |p A-838 |v 2 |3 Vol. 2 |b BIB. MATEMATICA | ||
